| 000 | 02071cam a22004457a 4500 | ||
|---|---|---|---|
| 003 | CHAP | ||
| 005 | 20220329134556.0 | ||
| 008 | 971013d1994 mx d r 00010 spa d | ||
| 010 | _a22408 | ||
| 011 | _a23380 | ||
| 035 | _a27476 | ||
| 040 | _cCHAP | ||
| 082 |
_a301.35 _bS35 |
||
| 100 | 0 | 0 |
_aSánchez Quintanar, Sara María de la Concepción. _9107775 |
| 245 | 1 | 0 |
_aAnálisis organizacional en el sector rural _c/por Sara María de la Concepción Sánchez Quintanar |
| 260 |
_aMontecillo, Méx. : _bColegio de Postgraduados. Centro de Estudios del Desarrollo Rural, _c1994- |
||
| 300 |
_av. : _bgrafs. ; diagramas |
||
| 500 | _aLa biblioteca tiene : v.1 Psicología social para el desarrollo -- v.2 El SILVAP un modelo de transferencia de tecnología agrícola | ||
| 590 |
_aBATCH-UPD _b10 _c20130110 _lUCH01 _h0955 |
||
| 590 |
_aBATCH-UPD _b10 _c20130410 _lUCH01 _h0608 |
||
| 590 |
_aBATCH-UPD _b10 _c20130914 _lUCH01 _h0056 |
||
| 590 |
_aCONVERSION _b10 _c20130109 _lUCH01 _h1313 |
||
| 650 | 1 | 4 |
_aAgricultura _xTransferencia de tecnología. _91885 |
| 650 | 1 | 4 |
_aDesarrollo rural. _932067 |
| 650 | 1 | 4 |
_aPsicología social. _992616 |
| 700 | 0 |
_aCastillo Cuevas, Pedro Ernesto del. _920108 |
|
| 700 | 0 |
_aGuillén Pérez, Luis Alipio. _951401 |
|
| 710 | 0 |
_aMéxico. Secretaría de Desarrollo Agropecuario, Forestal y Pesquero. _977159 |
|
| 901 | _aBK | ||
| 905 | _aGuadalupe Pinto C. | ||
| 942 | _cLIBRO | ||
| 949 |
_a301.35 S35 _bBC _cLIBRO _d33724000294880 _eLIBRO _fv.1 c.2 _h87545 _i27476 _si |
||
| 949 |
_a301.35 S35 _bBC _cLIBRO _d33724000294898 _eLIBRO _fv.1 c.3 _h87546 _i27476 _si |
||
| 949 |
_a301.35 S35 _bBC _cLIBRO _d33724000294906 _eLIBRO _fv.1 c.4 _h87547 _i27476 _si |
||
| 949 |
_a301.35 S35 _bBC _cLIBRO _d33724000294914 _eLIBRO _fv.1 _h87544 _i27476 _si |
||
| 949 |
_a301.35 S35 _bBC _cLIBRO _d33724000725735 _eLIBRO _fv.2 _h95358 _i27476 _si |
||
| 949 |
_a301.35 S35 _bBC _cLIBRO _d33724000725743 _eLIBRO _fv.2 c.2 _h95359 _i27476 _sb |
||
| 949 |
_a301.35 S35 _bBC _cUACH _d-63785 _eUACH _fv.1 c.5 _h87548 _i27476 _si |
||
| 949 |
_a301.35 S35 _bBC _cUACH _d274763 _eUACH _fv.2 c.3 _h95360 _i27476 _sb |
||
| 999 |
_c22408 _d22408 |
||